I DIDN'T DO IT FOR YOU : HOW THE WORLD USED AND ABUSED A SMALL AFRICAN NATION (Record no. 4566)
[ view plain ]
| 000 -LEADER | |
|---|---|
| fixed length control field | 00522nam a22001577a 4500 |
| 008 - FIXED-LENGTH DATA ELEMENTS--GENERAL INFORMATION | |
| fixed length control field | 260227b |||||||| |||| 00| 0 eng d |
| 020 ## - INTERNATIONAL STANDARD BOOK NUMBER | |
| ISBN | 9780007150953 |
| 100 ## - MAIN ENTRY--AUTHOR | |
| Author | WRONG MICHELA |
| 245 ## - TITLE STATEMENT | |
| Title | I DIDN'T DO IT FOR YOU : HOW THE WORLD USED AND ABUSED A SMALL AFRICAN NATION |
| 260 ## - PUBLICATION, DISTRIBUTION, ETC. (IMPRINT) | |
| Place of publication | LONDON |
| Name of publisher | HARPER PERENNIAL |
| Date of publication | 2005 |
| 300 ## - COLLATION | |
| Pagination | XVI, 448P. |
| Other physical details | ILL |
| 650 ## - TRACINGS | |
| Main Subject | ERITREA- HISTORY- REVOLUTION 1962-1993 |
| Subdivision (1st) | ERITREA- HISTORY-1993 |
| Subdivision (2nd) | ERITREA- FOREIGN RELATIONS |
| 942 ## - ADDED ENTRY ELEMENTS (KOHA) | |
| Item type | Books |
| 050 ## - LIBRARY OF CONGRESS CALL NUMBER | |
| Classification number | DT397 |
| Item number | .W76 |
| Source of classification or shelving scheme | Not for loan | Permanent location | Current location | Date acquired | Accession No. | Full call number | Barcode. | Copy number | Koha item type |
|---|---|---|---|---|---|---|---|---|---|
| Library of Congress Classification | Samuel Ogbemudia Main Library, University of Abuja | Samuel Ogbemudia Main Library, University of Abuja | 02/27/2026 | 2025/65610 | DT397.W76 | 2026-0053 | 1 | Books |